มุมมองปกติ
มุมมองแบบ MARC
- Great Britain. Supreme Court
รายการ Corporate Name
001 - CONTROL NUMBER
- control field: 28858
003 - CONTROL NUMBER IDENTIFIER
- control field: NALT
005 - DATE AND TIME OF LATEST TRANSACTION
- control field: 20180515145206.0
008 - FIXED-LENGTH DATA ELEMENTS
- fixed length control field: 180515|| aca||aabn | a|a d
040 ## - CATALOGING SOURCE
- Original cataloging agency: NALT
110 ## - HEADING--CORPORATE NAME
- Corporate name or jurisdiction name as entry element: Great Britain. Supreme Court
